Before the divide : Hindi and Urdu literary culture /
Transcript of papers presented at a workshop chiefly on Hindi and Urdu poetry; covers the period, 9th to 19th century.
| Altres autors: | |
|---|---|
| Format: | Llibre |
| Idioma: | English Hindi Urdu |
| Publicat: |
New Delhi :
Orient BlackSwan,
2010.
|
| Matèries: | |
| Classic Catalogue: | View this record in Classic Catalogue |
| LEADER | 01739nam a2200385 a 4500 | ||
|---|---|---|---|
| 001 | 29461 | ||
| 003 | BD-DhAAL | ||
| 005 | 20150707105031.0 | ||
| 008 | 150707s2010 ii b 101 0 eng d | ||
| 010 | |a 2010316583 | ||
| 020 | |a 9788125042631 | ||
| 020 | |a 9788125038290 | ||
| 020 | |a 8125038299 | ||
| 040 | |a DKAGE |b eng |c DKAGE |d DLC |d BD-DhAAL | ||
| 041 | 0 | |a eng |a hin |a urd | |
| 042 | |a lccopycat |a lcode | ||
| 043 | |a a-ii--- | ||
| 050 | 0 | 0 | |a PK2040 |b .B44 2010 |
| 082 | 0 | 4 | |a 891.4309 |2 22 |
| 245 | 0 | 0 | |a Before the divide : |b Hindi and Urdu literary culture / |c edited by Francesca Orsini. |
| 260 | |a New Delhi : |b Orient BlackSwan, |c 2010. | ||
| 300 | |a vi, 311 p. ; |c 23 cm. | ||
| 504 | |a Includes bibliographical references (p. [279]-295) and index. | ||
| 520 | |a Transcript of papers presented at a workshop chiefly on Hindi and Urdu poetry; covers the period, 9th to 19th century. | ||
| 541 | |e 29461 | ||
| 546 | |a Includes passages in Hindi and Urdu |b (Hindi and Urdu also in roman). | ||
| 650 | 0 | |a Hindi poetry |x History and criticism |v Congresses. |9 12906 | |
| 650 | 0 | |a Urdu poetry |x History and criticism |v Congresses. |9 12907 | |
| 650 | 0 | |a Literature and society |z India |x History |v Congresses. |9 12908 | |
| 651 | 0 | |a India |x Intellectual life |v Congresses. |9 12909 | |
| 700 | 1 | |a Orsini, Francesca. |9 12910 | |
| 942 | |2 ddc |c BK | ||
| 999 | |c 34958 |d 34958 | ||
| 952 | |0 0 |1 0 |2 ddc |4 0 |6 891_430900000000000_BEF |7 0 |9 54815 |a BRACUL |b BRACUL |c GEN |d 2015-07-07 |e Riza Enterprise |g 630.00 |l 3 |m 10 |o 891.4309 BEF |p 3010029461 |r 2025-05-19 |s 2025-03-24 |t 1 |w 2015-07-07 |y BK | ||
| 952 | |0 0 |1 0 |2 ddc |4 0 |6 891_430900000000000_BEF |7 0 |9 54816 |a BRACUL |b BRACUL |c GEN |d 2015-07-07 |e Riza Enterprise |g 630.00 |l 1 |o 891.4309 BEF |p 3010029462 |r 2025-05-14 |s 2025-05-08 |t 2 |w 2015-07-07 |y BK | ||